00821nam a22001937a 450000500170000000800410001702000180005804000070007604100080008308200200009110000180011124500260012925000120015526000310016730000310019836500610022952003100029065000270060020250214090005.0250214b ||||| |||| 00| 0 eng d a9780815367611 cAL aeng 223a153.1bMAZL aJames E Mazur aLearning and behavior a8th ed. aNew York bRoutledgec2018 axviii,392pbPBc23x16.5cm. 2Generala6385b₹716.00c₹d₹895.00e20%f6/02/2025 aBrand New International Paper-back Edition same as per description, **Economy edition, May have been printed in Asia with cover stating Not for sale in US. Legal to use despite any disclaimer on cover. Save Money. Contact us for any queries. Best Customer Support! All Orders shipped with Tracking Number. 2PhilosophyaPsychology